000 00370nam a2200145Ia 4500
008 230917s9999||||xx |||||||||||||| ||und||
040 _e201139
_aMAIN
041 _aEnglish
082 _a658.3 N629H
100 _aNirmal Kumar.
245 0 _aHuman resource management and industrial relations.
260 _aMumbai
_bHimalaya
_c2011
300 _a534 p.
942 _cBK
999 _c165355
_d165355